00797nam a2200193 a 450000100100000000500170001000800410002702000150006804000250008308200150010810000250012324501660014826000370031430000270035150000530037870000420043195201130047399900170058600003609220200930074853.0111207s1996 mx 000 0 spa d a0079117635 aDO-SdBNPbspacBNPHU axxxxbxxxx1 aE. Rye, David96212913aEl juego empresarial :bjuegue a ganar desarrollando sus habilidades en la toma de decisiones en negocios /cDavid E. Rye ; traducción Diana Trejo Gutiérrez. aMéxico, :bMcgraw-hill,c1996. axiii, 299 p. ;c24 cm. aIncluye índice y notas al pie de las páginas1 aTrejo Gutiérrez, Diana,etr.962130 001050718MOaGRbGRcHDd2011-12-07iLF1l0oxxxx xxxxp36092-10r2020-06-25w2020-06-25y1ZNo se presta c35583d35583